000 00469nam a22001937a 4500
005 20251108173607.0
008 250721s1993 xx 000 0 eng d
082 1 4 _aJ/962.2/NEA
100 1 _aNEALE, BRUCE
245 1 0 _ayoung guide /
264 1 _acairo :
_belisa modern,
_c1993.
300 _a32 P.
650 1 7 _aHISTORU
650 1 7 _aEGUPT
650 1 7 _aALEXANDRIA
653 _aناشئون صغار (10-14 سنة )
942 _2ddc
_cBK
999 _c107687
_d107687